[Event "SE-2011-0-00093"]
[Site "LSS email"]
[Date "2011.11.28"]
[Round "?"]
[White "Borge, Sharlo"]
[Black "Baez, Jorge Luis"]
[Result "0-1"]
[WhiteElo "1077"]
[BlackElo "1447"]
[PlyCount "20"]
[EventDate "2011.10.25"]
[EventType "tourn (corr)"]
[EventRounds "6"]
[EventCountry "GER"]
[SourceTitle "Corr 2015"]
[Source "ChessBase"]
[SourceDate "2015.07.17"]
[SourceVersion "1"]
[SourceVersionDate "2015.07.17"]
[SourceQuality "1"]

1. d4 e6 2. c4 d5 3. Nc3 Nf6 4. Bg5 Bb4 5. Nf3 0-0 6. Ne5 c5 7. dxc5 d4 8. Qa4 Qa5 9. Qxa5 Bxa5 10. Bd2 dxc3 0-1

[Event "OP-2011-0-01903"]
[Site "LSS email"]
[Date "2011.11.25"]
[Round "?"]
[White "Vontina, Maria"]
[Black "Borge, Sharlo"]
[Result "1-0"]
[WhiteElo "819"]
[BlackElo "1077"]
[PlyCount "47"]
[EventDate "2011.11.23"]
[EventType "tourn (corr)"]
[EventRounds "4"]
[EventCountry "GER"]
[SourceTitle "Telechess CBM 155"]
[Source "ChessBase"]
[SourceDate "2013.07.16"]
[SourceVersion "1"]
[SourceVersionDate "2013.07.16"]
[SourceQuality "1"]

1. e4 e5 2. Nf3 Nf6 3. Nxe5 d6 4. Nf3 Nxe4 5. d4 d5 6. Bd3 Bb4+ 7. c3 Ba5 8. 0-0 Bg4 9. h3 Bxf3 10. Qxf3 0-0 11. Re1 f5 12. Nd2 Nc6 13. Bb5 Nxd4 14. cxd4 Bxd2 15. Bxd2 Nxd2 16. Qf4 Ne4 17. f3 a6 18. Ba4 Qd6 19. Qxd6 Nxd6 20. Rac1 c6 21. Bd1 Nb5 22. Re7 Rf7 23. Re5 Nxd4 24. Kf2 1-0

[Event "LSS No Engine Cup 53 Preliminary 7"]
[Site "LSS email"]
[Date "2011.11.03"]
[Round "?"]
[White "Borge, Sharlo"]
[Black "Schulz, Hans Juergen"]
[Result "0-1"]
[WhiteElo "1074"]
[BlackElo "1786"]
[PlyCount "52"]
[EventDate "2011.11.04"]
[EventType "tourn (corr)"]
[EventRounds "6"]
[EventCountry "GER"]
[SourceTitle "Telechess CBM 157"]
[Source "ChessBase"]
[SourceDate "2013.11.12"]
[SourceVersion "1"]
[SourceVersionDate "2013.11.12"]
[SourceQuality "1"]

1. e4 e5 2. Nf3 Nc6 3. Bb5 a6 4. Ba4 Nf6 5. 0-0 Be7 6. Re1 b5 7. Bb3 d6 8. c3 0-0 9. h3 Na5 10. Bc2 c5 11. d4 Qc7 12. Nbd2 cxd4 13. cxd4 Nc6 14. Nb3 a5 15. Be3 a4 16. Nbd2 Bd7 17. Rc1 Qb7 18. Qe2 Rab8 19. d5 Nb4 20. Bb1 Ne8 21. a3 Na6 22. g4 Nf6 23. Bd3 Rfc8 24. b3 Nc5 25. Bxc5 dxc5 26. Nxe5 axb3 0-1

[Event "OP-2011-0-01857"]
[Site "LSS email"]
[Date "2011.11.03"]
[Round "?"]
[White "Borge, Sharlo"]
[Black "Vontina, Maria"]
[Result "1-0"]
[WhiteElo "1074"]
[BlackElo "758"]
[PlyCount "27"]
[EventDate "2011.11.01"]
[EventType "tourn (corr)"]
[EventRounds "4"]
[EventCountry "GER"]
[SourceTitle "Corr 2015"]
[Source "ChessBase"]
[SourceDate "2015.07.17"]
[SourceVersion "1"]
[SourceVersionDate "2015.07.17"]
[SourceQuality "1"]

1. e4 e6 2. Nf3 d5 3. exd5 exd5 4. d4 Nf6 5. c4 Be7 6. Nc3 0-0 7. Be2 c6 8. 0-0 dxc4 9. Bxc4 Bg4 10. Re1 Re8 11. Qb3 Be6 12. Bxe6 fxe6 13. Qxe6+ Kh8 14. Ng5 1-0

[Event "OP-2011-0-01857"]
[Site "LSS email"]
[Date "2011.11.03"]
[Round "?"]
[White "Lauer, Fredric"]
[Black "Borge, Sharlo"]
[Result "0-1"]
[WhiteElo "1032"]
[BlackElo "1074"]
[PlyCount "56"]
[EventDate "2011.11.01"]
[EventType "tourn (corr)"]
[EventRounds "4"]
[EventCountry "GER"]
[SourceTitle "Telechess CBM 157"]
[Source "ChessBase"]
[SourceDate "2013.11.12"]
[SourceVersion "1"]
[SourceVersionDate "2013.11.12"]
[SourceQuality "1"]

1. e4 e5 2. Nf3 Nf6 3. Nc3 Nc6 4. d4 exd4 5. Nd5 Nb4 6. Nxf6+ Qxf6 7. a3 Nxc2+ 8. Qxc2 c5 9. Bg5 Qg6 10. Bd3 h6 11. e5 Qe6 12. Bf4 d5 13. Bb5+ Bd7 14. Bxd7+ Qxd7 15. 0-0 g5 16. Bg3 g4 17. Nh4 c4 18. e6 fxe6 19. Ng6 d3 20. Qc3 Bg7 21. Be5 Rg8 22. Bxg7 Qxg7 23. Nf4 Qxc3 24. bxc3 Kd7 25. Rfe1 Rae8 26. Re5 Rgf8 27. g3 Kd6 28. Rae1 d2 0-1

[Event "OP-2011-0-01840"]
[Site "LSS email"]
[Date "2011.10.27"]
[Round "?"]
[White "Borge, Sharlo"]
[Black "Vontina, Maria"]
[Result "1-0"]
[WhiteElo "1266"]
[BlackElo "800"]
[PlyCount "33"]
[EventDate "2011.10.24"]
[EventType "tourn (corr)"]
[EventRounds "4"]
[EventCountry "GER"]
[SourceTitle "Corr 2015"]
[Source "ChessBase"]
[SourceDate "2015.07.17"]
[SourceVersion "1"]
[SourceVersionDate "2015.07.17"]
[SourceQuality "1"]

1. e4 e6 2. d4 d5 3. e5 c5 4. c3 Nc6 5. Nf3 Qb6 6. a3 Nge7 7. b4 cxb4 8. cxb4 Ng6 9. Nc3 a6 10. Be3 Be7 11. Bd3 0-0 12. Rc1 Bd7 13. Na4 Qd8 14. h4 Rc8 15. h5 Nh8 16. Qc2 Na7 17. Bxh7# 1-0

[Event "OP-2011-0-01837"]
[Site "LSS email"]
[Date "2011.10.25"]
[Round "?"]
[White "Kolanek, Roman"]
[Black "Borge, Sharlo"]
[Result "1-0"]
[WhiteElo "2075"]
[BlackElo "1077"]
[PlyCount "123"]
[EventDate "2011.10.21"]
[EventType "tourn (corr)"]
[EventRounds "4"]
[EventCountry "GER"]
[SourceTitle "Telechess CBM 155"]
[Source "ChessBase"]
[SourceDate "2013.07.16"]
[SourceVersion "1"]
[SourceVersionDate "2013.07.16"]
[SourceQuality "1"]

1. d4 Nf6 2. c4 g6 3. Nc3 d5 4. Nf3 Bg7 5. Bf4 0-0 6. Rc1 dxc4 7. e4 Bg4 8. Bxc4 Nh5 9. Be3 Bxf3 10. gxf3 e5 11. dxe5 Bxe5 12. Qxd8 Rxd8 13. 0-0 Nd7 14. Rfd1 Nb6 15. Bf1 Nf4 16. b3 Ne6 17. Nd5 Nxd5 18. exd5 Nf4 19. Bd4 Bd6 20. Bf6 Re8 21. a4 a6 22. Rc4 h6 23. Re4 Nh5 24. Bc3 f5 25. Re3 Nf4 26. b4 Kf7 27. b5 axb5 28. Bxb5 Red8 29. a5 Bc5 30. Re5 Rab8 31. Rd2 Bd6 32. Re1 Kf8 33. Red1 Ra8 34. Bc4 Ra7 35. Rb2 Ba3 36. Rb3 Bc5 37. Bd2 Bd6 38. Rdb1 Rb8 39. a6 b6 40. Re1 g5 41. Bxf4 Bxf4 42. Re6 Kg7 43. Rb1 Rd8 44. Re7+ Kf6 45. Rbe1 Rd6 46. Rh7 Kg6 47. Ree7 Rd8 48. Ref7 h5 49. Kg2 Raa8 50. d6 Rxd6 51. Rfg7+ Kf6 52. Rxc7 Ke5 53. a7 h4 54. Bb5 Kd4 55. h3 Rdd8 56. Rc2 Bd6 57. Bc6 Kd3 58. Bxa8 Rxa8 59. Rc1 Kd2 60. Rc6 Bc5 61. Rb7 Bd4 62. Rd7 1-0

[Event "SF-2011-0-00116"]
[Site "LSS email"]
[Date "2011.10.22"]
[Round "?"]
[White "Borge, Sharlo"]
[Black "Medelet, Gabriela"]
[Result "0-1"]
[WhiteElo "1079"]
[BlackElo "1089"]
[PlyCount "55"]
[EventDate "2011.09.26"]
[EventType "tourn (corr)"]
[EventRounds "6"]
[EventCountry "GER"]
[SourceTitle "Telechess CBM 153"]
[Source "ChessBase"]
[SourceDate "2013.03.14"]
[SourceVersion "1"]
[SourceVersionDate "2013.03.14"]
[SourceQuality "1"]

1. c4 e5 2. Nc3 Nf6 3. Nf3 Nc6 4. g3 Bc5 5. Bg2 0-0 6. d3 h6 7. 0-0 Re8 8. a3 a6 9. b4 Bf8 10. Nd5 d6 11. Bb2 Be6 12. Nd2 Bxd5 13. cxd5 Ne7 14. e4 Ng6 15. Rc1 Qd7 16. f4 exf4 17. Bxf6 gxf6 18. gxf4 Bg7 19. f5 Nf8 20. Rf3 Kh7 21. Rg3 Ng6 22. Qg4 Qe7 23. fxg6+ fxg6 24. Qxg6+ Kh8 25. Bh3 Qf8 26. Rxc7 Re7 27. Bf5 Qg8 28. Rxe7 0-1

[Event "SF-2011-0-00116"]
[Site "LSS email"]
[Date "2011.10.22"]
[Round "?"]
[White "Winter, Malcolm J"]
[Black "Borge, Sharlo"]
[Result "1-0"]
[WhiteElo "1080"]
[BlackElo "1079"]
[PlyCount "24"]
[EventDate "2011.09.26"]
[EventType "tourn (corr)"]
[EventRounds "6"]
[EventCountry "GER"]
[SourceTitle "Corr 2015"]
[Source "ChessBase"]
[SourceDate "2015.07.17"]
[SourceVersion "1"]
[SourceVersionDate "2015.07.17"]
[SourceQuality "1"]

1. e4 e5 2. Nf3 Nc6 3. Bb5 Nf6 4. d4 exd4 5. e5 Ne4 6. Qe2 Nc5 7. 0-0 Ne6 8. c3 dxc3 9. Nxc3 Bc5 10. Bxc6 bxc6 11. Bg5 Nxg5 12. Na4 Nxf3+ 1-0

[Event "OP-2011-0-01810"]
[Site "LSS email"]
[Date "2011.10.07"]
[Round "?"]
[White "Bester, Kazimierz"]
[Black "Borge, Sharlo"]
[Result "0-1"]
[WhiteElo "785"]
[BlackElo "1272"]
[PlyCount "81"]
[EventDate "2011.10.05"]
[EventType "tourn (corr)"]
[EventRounds "4"]
[EventCountry "GER"]
[SourceTitle "Telechess CBM 149"]
[Source "ChessBase"]
[SourceDate "2012.07.17"]
[SourceVersion "1"]
[SourceVersionDate "2012.07.17"]
[SourceQuality "1"]

1. f4 Nf6 2. Nf3 g6 3. e3 Bg7 4. Be2 Nc6 5. 0-0 0-0 6. d4 d5 7. c3 Bf5 8. Nbd2 Qc8 9. Nb3 a5 10. a3 Ne4 11. Nbd2 Nd6 12. Ne5 a4 13. c4 Nxe5 14. dxe5 Nxc4 15. Nxc4 dxc4 16. Bxc4 Rd8 17. Qe2 Qd7 18. e4 Qd4+ 19. Be3 Qxe4 20. Rae1 Qc2 21. Qxc2 Bxc2 22. Rc1 Bf5 23. Ba2 c6 24. Bc5 e6 25. Bd6 Rxd6 26. exd6 Bxb2 27. Rcd1 Bxa3 28. d7 Bc5+ 29. Kh1 Rd8 30. h3 Be4 31. Rc1 Bd6 32. Rc4 Bd3 33. Rd1 Bxc4 34. Bxc4 Rxd7 35. g3 b5 36. Be2 a3 37. Bf3 Ra7 38. Rxd6 a2 39. Rd8+ Kg7 40. Rd1 a1Q 41. Rxa1 0-1

[Event "LSS RF-2011-0-00092"]
[Site "LSS email"]
[Date "2011.10.07"]
[Round "?"]
[White "Borge, Sharlo"]
[Black "Billion, Paul"]
[Result "1-0"]
[WhiteElo "1266"]
[BlackElo "789"]
[PlyCount "59"]
[EventDate "2011.08.21"]
[EventType "tourn (corr)"]
[EventRounds "6"]
[EventCountry "GER"]
[SourceTitle "Telechess CBM 149"]
[Source "ChessBase"]
[SourceDate "2012.07.17"]
[SourceVersion "1"]
[SourceVersionDate "2012.07.17"]
[SourceQuality "1"]

1. e4 e5 2. Nf3 Nc6 3. Bc4 Bc5 4. c3 Nf6 5. Ng5 d5 6. exd5 Nxd5 7. d4 exd4 8. Qe2+ Be7 9. Nxf7 Kxf7 10. Qf3+ Bf6 11. Bxd5+ Be6 12. Bxe6+ Kxe6 13. 0-0 Rf8 14. Qh5 Ne5 15. Re1 Qd5 16. f4 Kd7 17. fxe5 Rae8 18. Qg4+ Kd8 19. cxd4 c6 20. Nc3 Qd7 21. Qxd7+ Kxd7 22. Be3 Bd8 23. Rad1 Kc8 24. Ne4 Kb8 25. Nd6 Re6 26. d5 cxd5 27. Rxd5 Bc7 28. Rf1 Rd8 29. Rf7 Bxd6 30. Rxd6 1-0

[Event "OP-2011-0-01809"]
[Site "LSS email"]
[Date "2011.10.07"]
[Round "?"]
[White "Borge, Sharlo"]
[Black "Shepelj, Ivan"]
[Result "1-0"]
[WhiteElo "1074"]
[BlackElo "2084"]
[PlyCount "49"]
[EventDate "2011.10.04"]
[EventType "tourn (corr)"]
[EventRounds "4"]
[EventCountry "GER"]
[SourceTitle "Telechess CBM 157"]
[Source "ChessBase"]
[SourceDate "2013.11.12"]
[SourceVersion "1"]
[SourceVersionDate "2013.11.12"]
[SourceQuality "1"]

1. d4 d5 2. c4 c6 3. Nf3 e6 4. Nc3 Nf6 5. e3 Be7 6. Bd3 Nbd7 7. 0-0 0-0 8. b3 Qc7 9. Bb2 b6 10. Re1 Bb7 11. cxd5 exd5 12. Rc1 Qb8 13. Nh4 c5 14. Nf5 Re8 15. Bb5 Bf8 16. dxc5 bxc5 17. Nxd5 Nxd5 18. Bxd7 Re5 19. f4 Rxf5 20. Bxf5 Qe8 21. Qf3 Bc6 22. Rcd1 Nc3 23. Qh3 g6 24. Bxc3 a5 25. Bd7 1-0

[Event "OP-2011-0-01809"]
[Site "LSS email"]
[Date "2011.10.07"]
[Round "?"]
[White "Dawkins, Arthur William"]
[Black "Borge, Sharlo"]
[Result "0-1"]
[WhiteElo "912"]
[BlackElo "1074"]
[PlyCount "70"]
[EventDate "2011.10.04"]
[EventType "tourn (corr)"]
[EventRounds "4"]
[EventCountry "GER"]
[SourceTitle "Telechess CBM 157"]
[Source "ChessBase"]
[SourceDate "2013.11.12"]
[SourceVersion "1"]
[SourceVersionDate "2013.11.12"]
[SourceQuality "1"]

1. d4 Nf6 2. Nf3 c5 3. e3 e6 4. c3 d5 5. Bd3 Be7 6. 0-0 Nc6 7. Nbd2 0-0 8. h3 c4 9. Bc2 b5 10. e4 Bb7 11. e5 Nd7 12. b3 b4 13. Nb1 f6 14. Bf4 fxe5 15. Bxe5 Ndxe5 16. Nxe5 Qc7 17. Qh5 h6 18. Qg6 Nxe5 19. Qh7+ Kf7 20. dxe5 Qxe5 21. Qg6+ Kg8 22. Qh7+ Kf7 23. Qg6+ Kg8 24. Nd2 Qf6 25. Qg3 bxc3 26. Nf3 d4 27. bxc4 Bxf3 28. Qxf3 Qxf3 29. gxf3 Rac8 30. Bd3 Rxf3 31. Rad1 Rxh3 32. Kg2 Rxd3 33. Rxd3 Ba3 34. f4 Rxc4 35. Kf3 Bb2 0-1

[Event "OP-2011-0-01803"]
[Site "LSS email"]
[Date "2011.10.04"]
[Round "?"]
[White "Venturas, Bob"]
[Black "Borge, Sharlo"]
[Result "0-1"]
[WhiteElo "758"]
[BlackElo "1074"]
[PlyCount "60"]
[EventDate "2011.10.01"]
[EventType "tourn (corr)"]
[EventRounds "4"]
[EventCountry "GER"]
[SourceTitle "Telechess CBM 157"]
[Source "ChessBase"]
[SourceDate "2013.11.12"]
[SourceVersion "1"]
[SourceVersionDate "2013.11.12"]
[SourceQuality "1"]

1. e4 e5 2. Nf3 Nf6 3. Bc4 h6 4. d3 Bc5 5. Nxe5 0-0 6. Qf3 Qe8 7. Ng6 d5 8. Nxf8 dxc4 9. Bxh6 cxd3 10. cxd3 Nc6 11. 0-0 Nd4 12. Qe3 Ng4 13. Qg5 Qxf8 14. Nc3 Nxh6 15. Nd5 Qd6 16. Kh1 Ne6 17. Qh4 c6 18. Ne3 Bxe3 19. fxe3 Qxd3 20. Rad1 Qe2 21. Qe7 Qxb2 22. a3 Qb3 23. Rfe1 c5 24. h3 Qxa3 25. Rd2 Qb4 26. Red1 Qxe4 27. Qe8+ Kh7 28. Rd8 Qc2 29. R8d5 Nc7 30. Rd8 Nxe8 0-1

[Event "ZL-2011-0-01001"]
[Site "LSS email"]
[Date "2011.10.02"]
[Round "?"]
[White "Borge, Sharlo"]
[Black "Molano Lafuente, Ismael"]
[Result "1/2-1/2"]
[WhiteElo "1074"]
[BlackElo "1349"]
[PlyCount "121"]
[EventDate "2011.09.28"]
[EventType "match (corr)"]
[EventRounds "2"]
[EventCountry "GER"]
[SourceTitle "Telechess CBM 157"]
[Source "ChessBase"]
[SourceDate "2013.11.12"]
[SourceVersion "1"]
[SourceVersionDate "2013.11.12"]
[SourceQuality "1"]

1. e4 c5 2. Nf3 Nc6 3. Bb5 e6 4. 0-0 Nge7 5. c3 d5 6. exd5 Qxd5 7. d3 Bd7 8. Na3 Ng6 9. Bc4 Qf5 10. d4 0-0-0 11. Bd3 Qh5 12. Ng5 Qxd1 13. Rxd1 Be8 14. Nc2 cxd4 15. Bxg6 hxg6 16. cxd4 Rd5 17. h3 Be7 18. Ne4 f5 19. Nc3 Rd7 20. d5 exd5 21. Nxd5 Bf6 22. Be3 Bxb2 23. Rab1 Bf6 24. Ncb4 Bf7 25. Nxc6 bxc6 26. Bf4 Rxd5 27. Rxd5 Bxd5 28. Rb8+ Kd7 29. Rxh8 g5 30. Be3 Bxa2 31. Bxa7 Ke6 32. f3 Kd6 33. Kf2 Bc4 34. Rc8 Kd5 35. Bb6 f4 36. Rf8 Ke6 37. Bd8 Bd5 38. Bxf6 gxf6 39. Ke2 Bc4+ 40. Ke1 Bb5 41. Rh8 Ke5 42. h4 gxh4 43. Rxh4 c5 44. Rh8 f5 45. Rb8 Bd3 46. Kd2 Bf1 47. Rb1 Bc4 48. Kc3 Be6 49. Rb8 Bf7 50. Rd8 Be6 51. Rf8 Bd5 52. Re8+ Kd6 53. Rd8+ Ke5 54. Rd7 Be6 55. Rh7 Kd6 56. Rh8 Ke5 57. Kd3 Kd6 58. Kd2 Ke5 59. Re8 Kd6 60. Ra8 Ke5 61. Rd8 1/2-1/2

[Event "RN-2011-0-00411"]
[Site "LSS email"]
[Date "2011.09.30"]
[Round "?"]
[White "Borge, Sharlo"]
[Black "Brough, Carl"]
[Result "1-0"]
[WhiteElo "1266"]
[BlackElo "852"]
[PlyCount "71"]
[EventDate "2011.09.15"]
[EventType "tourn (corr)"]
[EventRounds "6"]
[EventCountry "GER"]
[SourceTitle "Telechess CBM 149"]
[Source "ChessBase"]
[SourceDate "2012.07.17"]
[SourceVersion "1"]
[SourceVersionDate "2012.07.17"]
[SourceQuality "1"]

1. e4 e5 2. Nf3 Nc6 3. Bc4 h6 4. d4 d6 5. d5 Nd4 6. Nxd4 exd4 7. Qxd4 Nf6 8. 0-0 Be7 9. Bb5+ Bd7 10. Bxd7+ Qxd7 11. Nc3 0-0 12. f3 c5 13. dxc6 bxc6 14. Be3 Rab8 15. b3 c5 16. Qa4 Qxa4 17. Nxa4 Bd8 18. Rad1 Ba5 19. Rxd6 Bc7 20. Bxc5 Rfd8 21. Rxd8+ Rxd8 22. Bxa7 Rd2 23. Rc1 Nd7 24. Be3 Rd6 25. Nc3 Bb6 26. Bxb6 Rxb6 27. a4 Ne5 28. a5 Rb8 29. a6 Nc6 30. Ra1 Ra8 31. Nb5 Na7 32. Nxa7 Rxa7 33. b4 Kf8 34. b5 Ke8 35. b6 Rd7 36. a7 1-0

[Event "RN-2011-0-00411"]
[Site "LSS email"]
[Date "2011.09.29"]
[Round "?"]
[White "Borge, Sharlo"]
[Black "Chinnock, Andy"]
[Result "1-0"]
[WhiteElo "1266"]
[BlackElo "465"]
[PlyCount "31"]
[EventDate "2011.09.15"]
[EventType "tourn (corr)"]
[EventRounds "6"]
[EventCountry "GER"]
[SourceTitle "Corr 2015"]
[Source "ChessBase"]
[SourceDate "2015.07.17"]
[SourceVersion "1"]
[SourceVersionDate "2015.07.17"]
[SourceQuality "1"]

1. e4 e6 2. d3 c6 3. Nf3 Nf6 4. e5 Ng4 5. d4 Qa5+ 6. Nc3 b5 7. h3 b4 8. Ne4 b3+ 9. Bd2 Qb6 10. hxg4 bxc2 11. Qxc2 g6 12. Nf6+ Kd8 13. Ng5 h6 14. Nxf7+ Kc7 15. Ne8+ Kb7 16. Nfd6+ 1-0

[Event "RN-2011-0-00411"]
[Site "LSS email"]
[Date "2011.09.28"]
[Round "?"]
[White "Pinilla Munoz, Sonia"]
[Black "Borge, Sharlo"]
[Result "0-1"]
[WhiteElo "1060"]
[BlackElo "1266"]
[PlyCount "62"]
[EventDate "2011.09.15"]
[EventType "tourn (corr)"]
[EventRounds "6"]
[EventCountry "GER"]
[SourceTitle "Telechess CBM 149"]
[Source "ChessBase"]
[SourceDate "2012.07.17"]
[SourceVersion "1"]
[SourceVersionDate "2012.07.17"]
[SourceQuality "1"]

1. d4 Nf6 2. c4 g6 3. Nc3 Bg7 4. e4 0-0 5. Nf3 d6 6. Bd3 Bg4 7. h3 Bxf3 8. Qxf3 Nfd7 9. d5 Na6 10. a3 Ne5 11. Qe2 Nxd3+ 12. Qxd3 Nc5 13. Qc2 Bxc3+ 14. bxc3 Qd7 15. 0-0 Qa4 16. Qxa4 Nxa4 17. Bh6 Rfb8 18. Rfc1 Nb2 19. Kf1 Nxc4 20. Ke2 c6 21. f3 cxd5 22. exd5 Rc8 23. Kd3 Rc5 24. g4 Ne5+ 25. Ke4 Rc4+ 26. Ke3 Rac8 27. Rab1 Rxc3+ 28. Rxc3 Rxc3+ 29. Kd4 Rxa3 30. Rxb7 Rd3+ 31. Ke4 f5+ 0-1

[Event "ZN-2011-0-01702"]
[Site "LSS email"]
[Date "2011.09.28"]
[Round "?"]
[White "Rockmann Buchterkirche, Claas"]
[Black "Borge, Sharlo"]
[Result "0-1"]
[WhiteElo "961"]
[BlackElo "1266"]
[PlyCount "50"]
[EventDate "2011.09.20"]
[EventType "match (corr)"]
[EventRounds "2"]
[EventCountry "GER"]
[SourceTitle "Telechess CBM 149"]
[Source "ChessBase"]
[SourceDate "2012.07.17"]
[SourceVersion "1"]
[SourceVersionDate "2012.07.17"]
[SourceQuality "1"]

1. e4 e5 2. Nf3 Nf6 3. Nxe5 d6 4. Nxf7 Kxf7 5. Bc4+ d5 6. exd5 Qe8+ 7. Kf1 b5 8. Bb3 Bd6 9. Nc3 b4 10. Ne2 Nbd7 11. c4 bxc3 12. dxc3 Ba6 13. c4 Qe5 14. Qd4 Bc5 15. Qxe5 Nxe5 16. Bf4 Nd3 17. Bxc7 Nxf2 18. Rg1 N2g4 19. Rh1 Rae8 20. h3 Ne3+ 21. Ke1 Nxg2+ 22. Kd2 Ne4+ 23. Kc2 Ne3+ 24. Kc1 Nf2 25. Rf1 Nxf1 0-1

[Event "RN-2011-0-00409"]
[Site "LSS email"]
[Date "2011.09.22"]
[Round "?"]
[White "Borge, Sharlo"]
[Black "Molina, Vicente Andres"]
[Result "1-0"]
[WhiteElo "1266"]
[BlackElo "793"]
[PlyCount "61"]
[EventDate "2011.09.10"]
[EventType "tourn (corr)"]
[EventRounds "6"]
[EventCountry "GER"]
[SourceTitle "Telechess CBM 149"]
[Source "ChessBase"]
[SourceDate "2012.07.17"]
[SourceVersion "1"]
[SourceVersionDate "2012.07.17"]
[SourceQuality "1"]

1. e4 c5 2. Bc4 e6 3. Nf3 d6 4. Nc3 Nc6 5. d4 cxd4 6. Nxd4 Nf6 7. Be3 Be7 8. 0-0 0-0 9. h3 a6 10. Nxc6 bxc6 11. Be2 e5 12. f4 exf4 13. Rxf4 Be6 14. Qd2 Rb8 15. b3 Qa5 16. Nd5 cxd5 17. Qxa5 Nxe4 18. Qxa6 Bf6 19. Rxf6 gxf6 20. Qd3 f5 21. a4 Rfc8 22. Bd4 f6 23. a5 Rb4 24. a6 Kf7 25. a7 Ra8 26. Ra5 Rb7 27. Bf3 Kg6 28. c4 dxc4 29. bxc4 Rb4 30. Bxe4 fxe4 31. Qxe4+ 1-0

[Event "ZN-2011-0-01698"]
[Site "LSS email"]
[Date "2011.09.21"]
[Round "?"]
[White "Sche, Senda"]
[Black "Borge, Sharlo"]
[Result "0-1"]
[WhiteElo "1073"]
[BlackElo "1266"]
[PlyCount "74"]
[EventDate "2011.09.16"]
[EventType "match (corr)"]
[EventRounds "2"]
[EventCountry "GER"]
[SourceTitle "Telechess CBM 149"]
[Source "ChessBase"]
[SourceDate "2012.07.17"]
[SourceVersion "1"]
[SourceVersionDate "2012.07.17"]
[SourceQuality "1"]

1. d4 Nf6 2. c4 g6 3. Nc3 d5 4. Nf3 Bg7 5. Qb3 dxc4 6. Qxc4 0-0 7. Qb3 Nc6 8. e3 Rb8 9. Bb5 Bf5 10. Bxc6 bxc6 11. Qa4 Ne4 12. Qxc6 Rb6 13. Qd5 c5 14. Qxd8 Rxd8 15. Nxe4 Bxe4 16. dxc5 Rc6 17. Ng5 Bxg2 18. Rg1 Bd5 19. e4 Bc4 20. f4 Rxc5 21. Be3 Rb5 22. Rc1 Bxa2 23. Rc2 Rxb2 24. Rxb2 Bxb2 25. Bxa7 e5 26. Bb6 Rb8 27. Ba7 Bc3+ 28. Kf2 Rb2+ 29. Kf3 Rb3 30. Kg4 h5+ 31. Kh4 exf4 32. e5 Rb2 33. Nf3 Bd5 34. Nd4 Rxh2+ 35. Kg5 f3 36. Kf6 Rh4 37. Nb5 Rf4+ 0-1

[Event "RN-2011-0-00408"]
[Site "LSS email"]
[Date "2011.09.18"]
[Round "?"]
[White "Borge, Sharlo"]
[Black "Chandler, Mark"]
[Result "1-0"]
[WhiteElo "1272"]
[BlackElo "938"]
[PlyCount "71"]
[EventDate "2011.09.03"]
[EventType "tourn (corr)"]
[EventRounds "6"]
[EventCountry "GER"]
[SourceTitle "Telechess CBM 149"]
[Source "ChessBase"]
[SourceDate "2012.07.17"]
[SourceVersion "1"]
[SourceVersionDate "2012.07.17"]
[SourceQuality "1"]

1. e4 e5 2. Nf3 Nf6 3. Bc4 Nxe4 4. Nc3 d5 5. Bxd5 Nf6 6. Bb3 Nc6 7. Ng5 Nd5 8. Nxf7 Kxf7 9. Qf3+ Ke8 10. Nxd5 Nd4 11. Qh5+ g6 12. Qxe5+ Ne6 13. Qxh8 c6 14. Nf6+ Ke7 15. Nxh7 Bg7 16. Qxd8+ Nxd8 17. 0-0 Kd7 18. d4 Ne6 19. c3 b6 20. Re1 Kd6 21. Ng5 Nxg5 22. Bf4+ Kd7 23. Bxg5 Kc7 24. Re7+ Bd7 25. Rxg7 Re8 26. Bf7 Re2 27. h4 Rxb2 28. Be8 Kb7 29. Bxd7 Ka6 30. Bxc6 Rc2 31. Bb7+ Ka5 32. Rxg6 Rxc3 33. Bd2 Kb4 34. Rb1+ Kc4 35. Rc6+ Kd3 36. Bxc3 1-0